000 00662nam a2200205Ia 4500
008 191130s1993##################000#0#eng##
020 _a9781852785758
022 _a92027246
040 _aACL
_cACL
082 _a332.042 COH
245 _aThe international political economy of monetary relations
_cedited by Benjamin J. Cohen
260 _aCheltenham, UK ; Northampton, MA
_bEdward Elgar
_cc1993
300 _axix, 657 p. : ill. ; 26 cm.
500 _aIncludes bibliographical references and index
650 _aInternational finance
700 _aCohen, Benjamin J
990 _a147e278aac10000c471cf6de3e0eab5b
991 _a427173
999 _c54328
_d54328